000 00511nam a2200193Ia 4500
003 OSt
005 20250304134217.0
008 210210b1970 xxu||||| |||| 00| 0 eng d
040 _cAL
082 _aH891.4 MACR
100 _aMACHIAVELLI (Nikolo):
_9203716
110 _bमाचावेल्ली निकोलो
_9203717
245 _aRaja:
_bराजा
260 _aNayi Dilli
_bSahitya Academy
_c1970
300 _a118
690 _aHindi Prose
_9203718
906 _a029895
942 _2ddc
_cBK
999 _c81093
_d81093